000 00304nam a2200145Ia 4500
100 _aDangeti/ Pratap
650 _aMachine learning
942 _cBK
245 _aStatistics for machine learning
260 _bPACKT
_c2017
082 _a6.31
_bDAN
300 _a426
546 _aENGLISH
999 _c22393
_d22393